000
00206 a2200097 4500
001
43356
100
_a
Coward
245
_a
Play today
260
_a
London
_b
William Heinemann ltd
_c
090
_c
27193
_d
27193
942
_a
NUST-CAE
_c
M
_c
19106
999
_c
278429
_d
278429